MARC details
| 000 -LEADER |
| fixed length control field |
02179cab a2200313 4500 |
| 001 - CONTROL NUMBER |
| control field |
L130541 |
| 008 - FIXED-LENGTH DATA ELEMENTS--GENERAL INFORMATION |
| fixed length control field |
050811n2005 000 0 eng u |
| 035 ## - SYSTEM CONTROL NUMBER |
| System control number |
(Sirsi) u130541 |
| 041 ## - LANGUAGE CODE |
| Language code of text/sound track or separate title |
eng |
| 245 ## - TITLE STATEMENT |
| Title |
Wimbledon Construction Company 2000 Limited v Derek Vago |
| 260 ## - PUBLICATION, DISTRIBUTION, ETC. |
| Date of publication, distribution, etc. |
2005 |
| 520 ## - SUMMARY, ETC. |
| Summary, etc. |
[2005] EWHC 1086 (TCC), 20 May 2005. Examines if there can be a stay on the enforcement of an adjudicator's award pending an arbitrator's decision where there is cause for concern that the party the adjudicator had made the award to might not be able to repay it at a later date. W commenced enforcement proceedings for an adjudicator's award made in relation to a dispute over works the company had carried out at V's house. At the same time V commenced arbitration proceedings disputing that award and sought an order that the enforcement be stayed until the arbitration proceedings had been concluded on the grounds that W's financial position was uncertain. "Held": the application was dismissed as V had not demonstrated the probability that W would be unable to repay the award, and because W's financial problems were largely due to V's refusal to pay the award. |
| 590 ## - LOCAL NOTE (RLIN) |
| Local note |
IKA160805 |
| 650 ## - SUBJECT ADDED ENTRY--TOPICAL TERM |
| Topical term or geographic name entry element |
WIMBLEDON CONSTRUCTION CO 2000 LTD V VAGO |
| 650 ## - SUBJECT ADDED ENTRY--TOPICAL TERM |
| Topical term or geographic name entry element |
HOUSING GRANTS, CONSTRUCTION AND REGENERATION ACT 1996 |
| 650 ## - SUBJECT ADDED ENTRY--TOPICAL TERM |
| Topical term or geographic name entry element |
JCT AGREEMENT FOR MINOR BUILDING WORKS (1998 EDITION) |
| 650 ## - SUBJECT ADDED ENTRY--TOPICAL TERM |
| Topical term or geographic name entry element |
CIVIL PROCEDURE RULES PART 50 |
| 650 ## - SUBJECT ADDED ENTRY--TOPICAL TERM |
| Topical term or geographic name entry element |
BOUYGUES UK LTD V DAHL-JENSEN UK LTD |
| 650 ## - SUBJECT ADDED ENTRY--TOPICAL TERM |
| Topical term or geographic name entry element |
ABSOLUTE RENTALS LTD V GENCOR ENTERPRISES LTD |
| 650 ## - SUBJECT ADDED ENTRY--TOPICAL TERM |
| Topical term or geographic name entry element |
HERSCHEL ENGINEERING LTD V BREEN PROPERTY LTD |
| 650 ## - SUBJECT ADDED ENTRY--TOPICAL TERM |
| Topical term or geographic name entry element |
COMPANIES ACT 1985 S726(1) |
| 650 ## - SUBJECT ADDED ENTRY--TOPICAL TERM |
| Topical term or geographic name entry element |
RAINFORD HOUSE LTD V CADOGAN LTD |
| 650 ## - SUBJECT ADDED ENTRY--TOPICAL TERM |
| Topical term or geographic name entry element |
TOTAL M&E SERVICES LTD V ABB BUILDING TECHNOLOGIES LTD |
| 650 ## - SUBJECT ADDED ENTRY--TOPICAL TERM |
| Topical term or geographic name entry element |
AWG CONSTRUCTION LTD V ROCKINGHAM MOTOR SPEEDWAY LTD |
| 650 ## - SUBJECT ADDED ENTRY--TOPICAL TERM |
| Topical term or geographic name entry element |
SIR LINDSAY PARKINSON AND CO V TRIPLAN |
| 690 ## - LOCAL SUBJECT ADDED ENTRY--TOPICAL TERM (OCLC, RLIN) |
| Topical term or geographic name as entry element |
MANAGEMENT-DISPUTE AVOIDANCE, MANAGEMENT AND RESOLUTION-DISPUTE MANAGEMENT AND RESOLUTION-ARBITRATION |
| 856 ## - ELECTRONIC LOCATION AND ACCESS |
| Uniform Resource Identifier |
<a href="https://www.bailii.org/cgi-bin/markup.cgi?doc=/ew/cases/EWHC/TCC/2005/1086.html">https://www.bailii.org/cgi-bin/markup.cgi?doc=/ew/cases/EWHC/TCC/2005/1086.html</a> |
| Public note |
View the item free of charge at www.bailii.org... |
| 942 ## - ADDED ENTRY ELEMENTS (KOHA) |
| Suppress in OPAC |
0 |